000 00725nam a2200217Ii 4500
003 JO-AjNU
008 230605s9999||||xx |||||||||||||| ||und||
017 _a2002/7/1846
040 _aJO-AjNU
_bara
_erda
_cJO-AjNU
041 _aara
050 1 4 _aHD37.M87.2005
100 3 _aآل علي،رضا صاحب ابو حمد/سنان كاظم الموسوي,
_eauthor
_927723
245 0 0 _aمفاهيم ادارية معاصرة نظرة عامة
250 _aط1
264 3 1 _aعمان:مؤسسة الوراق للنشر والتوزيع،2005
300 _a266ص
336 _atext
_btxt
_2rdacontent
337 _aunmediated
_bn
_2rdamedia
338 _avolume
_bnc
_2rdacarrier
650 4 _aادارة اعمال
_927724
999 _aA10668
_c14236
_d14236